000 00374nam a2200157Ia 4500
008 221030s9999 xx 000 0 und d
020 _a0006388272
041 _aEnglish
082 _a105.23
100 _aA. S. Grove
245 0 _aOnly the Paranoid Survive
_cby A. S. Grove
260 _bHarper Collins
_aLondon
_c1988
300 _a210
650 _aGeneral
942 _cBK
999 _c9605
_d9605